Normal view
MARC view
- Concrete construction
Entry Topical Term
001 - CONTROL NUMBER
- control field: 1031
003 - CONTROL NUMBER IDENTIFIER
- control field: NUST
005 - DATE AND TIME OF LATEST TRANSACTION
- control field: 20170518111739.0
008 - FIXED-LENGTH DATA ELEMENTS
- fixed length control field: 170518|| aca||aabn | a|a d
040 ## - CATALOGING SOURCE
- Original cataloging agency: NUST
- Transcribing agency: NUST
150 ## - HEADING--TOPICAL TERM
- Topical term or geographic name entry element: Concrete construction
- General subdivision: Standards
- Geographic subdivision: European Union countries.
670 ## - SOURCE DATA FOUND
- Source citation: Work cat.: (NUST)0: Martin, L. H. (Laurence Harold) 1029, Concrete design to EN 1992 /, c2006.
